Potentially toxic elements in soils and cacao beans in agroforestry systems of Bahia, Brazil (Registro n. 9340)
[ somente texto ]
| 000 -LÍDER | |
|---|---|
| fixed length control field | 05021nab a2200325 i 4500 |
| 003 - CÓDIGO MARC DA AGÊNCIA CATALOGADORA | |
| Campo de controle | BR-BrBNA |
| 005 - DATA E HORA DA ÚLTIMA ATUALIZAÇÃO | |
| Campo de controle | 20231212093332.0 |
| 008 - CAMPO DE TAMANHO FIXO | |
| fixed length control field | 230612b2022 bl.ar|pooa||| 00| 0 eng | |
| 040 ## - FONTE DA CATALOGAÇÃO | |
| Agência catalogadora | BR-BrBNA |
| Idioma da catalogação | por |
| 072 ## - CATEGORIA AGRIS | |
| Código AGRIS | T01 |
| 072 ## - CATEGORIA AGRIS | |
| Código AGRIS | P35 |
| 100 ## - ENTRADA PRINCIPAL - NOME PESSOAL | |
| Nome pessoal | Araújo, Quintino Reis de |
| 100 ## - ENTRADA PRINCIPAL - NOME PESSOAL | |
| Nome pessoal | Gattward, James Nascimento |
| 100 ## - ENTRADA PRINCIPAL - NOME PESSOAL | |
| Nome pessoal | Freitas, Jôsie Cloviane de Oliveira |
| 100 ## - ENTRADA PRINCIPAL - NOME PESSOAL | |
| Nome pessoal | Almeida, Stéphane Sacramento de |
| 100 ## - ENTRADA PRINCIPAL - NOME PESSOAL | |
| Nome pessoal | Baligar, Virupax Chanabasappa |
| 245 ## - TÍTULO PRINCIPAL | |
| Título principal | Potentially toxic elements in soils and cacao beans in agroforestry systems of Bahia, Brazil |
| 500 ## - NOTA GERAL | |
| Nota geral | Publicação on-line; 48 ref.; 8 tables; 4 illus.; Summaries (En, Pt) |
| 942 ## - ADDED ENTRY ELEMENTS (KOHA) | |
| Koha item type | |
| 520 ## - NOTA DE RESUMO | |
| Nota de conteúdo | <br/>Cacao farming has made many advances in technology and production systems with the goal of increasing<br/>final productivity. However, in some cases, the indiscriminate and/or non-technical use of certain agricultural<br/>inputs may compromise the quality of the cacao products, like the presence of heavy metals, or potentially toxic<br/>elements, such as cadmium (Cd), barium (Ba), copper (Cu) and lead (Pb), compounds of high toxicity and mostly<br/>mutagenic and carcinogenic to humans. This work intends to analyze the influence of local lithology and components<br/>of agricultural management on the levels of heavy metals in the soil and cacao beans, looking ahead for future<br/>evaluations on the consequences of cacao consumption and on the quality demands of the market. The evaluations<br/>were made in 15 cacao cropping systems in Southeast Bahia, Brazil. In these cropping systems, cacao was grown<br/>under an agroforestry system locally called ‘cabruca’ or under the shade of rubber or erythrina trees. The results<br/>suggest that agricultural practices tend to increase the presence of the heavy metals Cu and Ba in the surface soil<br/>layers, reflecting the influence of agricultural inputs, and that the higher content of Cd and Pb in subsurface soil<br/>layers reflects the influence of lithology processes. Young soils tend to have higher contents of Cu, Cd and Pb than<br/>older soil types. Cacao clone PH-16 accumulated higher Ba than beans of Comum ‘forastero’ cacao; soil Ba had<br/>direct correlation with Ba in cacao beans and inverse correlation with copper. Soil cadmium tended to have a direct<br/>correlation with barium in cacao beans.<br/><br/>Key words: Heavy metals, tropical soils, Theobroma cacao, cacao bean quality, toxic elements.<br/><br/><br/> |
| 520 ## - NOTA DE RESUMO | |
| Nota de conteúdo | <br/><br/>Elementos potencialmente tóxicos em solos e amêndoas de cacau em sistemas agroflorestais da Bahia, Brasil. <br/><br/>O cultivo do cacau tem passado por muitos avanços em tecnologia e sistemas de produção com objetivo de aumentar <br/>a produtividade final. Contudo, em alguns casos, o uso indiscriminado de certos produtos agrícolas pode comprometer <br/>a qualidade dos produtos de cacau, como a presença de metais pesados, ou elementos potencialmente tóxicos, como <br/>o cádmio (Cd), bário (Ba), cobre (Cu) e chumbo (Pb), compostos de alta toxicidade e em sua maioria mutagênicos e <br/>carcinogênicos em seres humanos. Este trabalho pretende analisar a influência da litologia local e de componentes do <br/>manejo agrícola nos níveis de metais pesados em solos e amêndoas de cacau, fazendo estimativas para futuras avaliações <br/>das consequências do consumo de cacau e das demandas do mercado por qualidade. As avaliações foram realizadas em <br/>15 cultivos de cacau no Sudeste da Bahia, Brasil. Nestes cultivos, cacau foi cultivado em um sistema agroflorestal localmente<br/>chamado ‘cabruca’ ou sob a sombra de seringueira ou eritrina. Os resultados sugerem que as práticas agrícolas<br/>tendem a aumentar a presença dos metais pesados Cu e Ba nas camadas superficiais do solo, refletindo a influência<br/>dos produtos agrícolas, e dos metais Cd e Pb em subsuperfície, refletindo a influência dos processos litológicos.<br/>Solos mais jovens tendem a ter maiores teores de Cu, Cd e Pb do que solos mais velhos. O clone de cacau PH-16<br/>acumulou mais Ba em amêndoas do que o cacau comum; teores de Ba no solo tiveram relação direta com o teor de<br/>Ba nas amêndoas e relação inversa com cobre. O teor de cádmium no solo apresentou relação direta com o teor de<br/>bário em amêndoas.<br/><br/>Palavras-chave: Metais pesados, solos tropicais, Theobroma cacao, qualidade de amêndoas de cacau, elementos<br/>tóxicos |
| 650 ## - ASSUNTO - THESAGRO | |
| Cabeçalho tópico ou nome geográfico | METAL PESADO |
| 650 ## - ASSUNTO - THESAGRO | |
| Cabeçalho tópico ou nome geográfico | SOLO TROPICAL |
| 650 ## - ASSUNTO - THESAGRO | |
| Cabeçalho tópico ou nome geográfico | THEOBROMA CACAO |
| 650 ## - ASSUNTO - THESAGRO | |
| Cabeçalho tópico ou nome geográfico | TOXIDEZ |
| 773 0# - ENTRADA ANALÍTICA | |
| Host Biblionumber | 1823 |
| Registro do item | 25162 |
| Imprenta | Itabuna-BA Comissão Executiva do Plano de Lavoura Cacaueira 1989 |
| Outro identificador | 2023-435741 |
| Título | Agrotrópica (Brazil) |
| ISSN | 0103-3816 |
| Colação | v. 34(2) p. 107-120; (May-Aug 2022) |
| Número de controle de registro | BR2023000639 |
| 856 ## - ACESSO E ENDEREÇO ELETRÔNICO | |
| Identificador uniforme de recurso - URI | https://www.gov.br/agricultura/pt-br/assuntos/ceplac/publicacoes/revista-agrotropica/artigos/2022/01033816.2022v34n2p107120.pdf |
| 856 ## - ACESSO E ENDEREÇO ELETRÔNICO | |
| Identificador uniforme de recurso - URI | https://www.gov.br/agricultura/pt-br/assuntos/ceplac/publicacoes/revista-agrotropica/revista-volumes/2022/REVISTAAGROTRPICA34.22022.pdf |
Nenhum exemplar disponível.

BINAGRI